South Korea by Year, 2010–present - Statistics

General Stats
  • This quiz has been taken 37 times
  • The average score is 10 of 15
Answer Stats
Year Hint Answer % Correct
2012 The music video of this song, by PSY, became the first YouTube video to reach 1 billion views Gangnam Style
94%
2023 An all-time record of 76% of South Koreans support the nation having this weapon Nuclear Weapons
94%
2021 This series becomes the most-watched of Netflix Squid Game
85%
2018 The county of Pyeongchang hosts this event Winter Olympics
82%
2019 South Korea had a trade dispute with this country Japan
79%
2022 159 people die during the festivities of this annual celebration Halloween
74%
2014 306 died in the sinking of the ferry MV Sewol in 16 April, 250 of whom were ________ from Ansan City {Student}s
68%
2020 This "Parasite" director wins three Oscars, for Best Director, Best Picture,and Best Original Screenplay Bong Joon-ho
65%
2012 This politician is elected as the first democratically-elected female head of state of an East Asian country Park Geun-hye
62%
2017 This skyscraper, the tallest building in South Korea, is opened to the public {Lotte} World Tower
56%
2011 City that hosted the World Championships in Athletics Daegu
53%
2016 This South Korean politician's term as UN Secretary-General comes to an end Ban Ki Moon
50%
2015 Type of coronavirus that had an outbreak in South Korea which killed 38 people MERS
41%
2010 Island that was bombarded by the North Korean artilleries Yeonpyeong
29%
2013 South Korea was attacked by two major sets of this type of attack by North Korea {Cyber}attack
26%
No matching quizzes found
Score Distribution
Percent of People with Each Score
Percentile by Number Answered
Your Score History
You have not taken this quiz